000 00710nam a22001577a 4500
003 OSt
005 20150912141938.0
008 150912b xxu||||| |||| 00| 0 eng d
040 _cRUA
082 _aAGR PHA 1997 B018 Or.1
100 _9329
_aPHANG, TOEUR
245 _aInspection on tapping technology for salary preparetion in memot company ការត្រួតពិនិត្យបច្ចេកទេសចៀរជ័រសំរាប់រៀបចំបៀវត្សតាមមូលដ្ឋានអាជីវកម្មនៅក្រុមហ៊ុនចំការកៅស៊ូមេមត់
260 _aPhnom Penh
_bRUA
_c1997
300 _a93p.
_bill.
_c29cm.
942 _2ddc
_cAGR
999 _c309
_d309